[Event "Barbera del Valles op 38th"]
[Site "Barbera del Valles"]
[Date "2015.07.09"]
[Round "6"]
[White "Aroshidze, Levan"]
[Black "Petrosyan, Tigran S"]
[Result "0-1"]
[WhiteElo "2535"]
[BlackElo "2441"]
[PlyCount "78"]
[EventDate "2015.07.04"]
[EventType "swiss"]
[EventRounds "9"]
[EventCountry "ESP"]
[SourceTitle "CBM 167 Extra"]
[Source "ChessBase"]
[SourceDate "2015.09.14"]
[SourceVersion "1"]
[SourceVersionDate "2015.09.14"]
[SourceQuality "1"]

1. e4 e5 2. Nf3 Nc6 3. Bb5 a6 4. Ba4 Nf6 5. O-O Be7 6. Re1 b5 7. Bb3 O-O 8. a4
b4 9. d3 d6 10. Nbd2 Na5 11. Ba2 c5 12. c3 Nc6 13. Nf1 h6 14. h3 Be6 15. Bxe6
fxe6 16. d4 exd4 17. cxd4 e5 18. dxc5 dxc5 19. N1d2 Bd6 20. Nc4 Bc7 21. Be3
Qxd1 22. Raxd1 Nxe4 23. Rd7 Rf7 24. Rxf7 Kxf7 25. Bxh6 Nxf2 26. Kxf2 gxh6 27.
Nfxe5+ Nxe5 28. Nxe5+ Ke6 29. Nc4+ Kd5 30. Ne3+ Ke4 31. Rc1 Be5 32. Ke2 Bd4 33.
Nd1 Rg8 34. g4 Rf8 35. Rc4 Rf3 36. h4 Rg3 37. g5 hxg5 38. hxg5 Rg2+ 39. Ke1 Kd3
0-1

[Event "Barbera del Valles op 38th"]
[Site "Barbera del Valles"]
[Date "2015.07.10"]
[Round "7"]
[White "Petrosyan, Tigran S"]
[Black "Grigoryan, Karen H"]
[Result "0-1"]
[WhiteElo "2441"]
[BlackElo "2580"]
[PlyCount "96"]
[EventDate "2015.07.04"]
[EventType "swiss"]
[EventRounds "9"]
[EventCountry "ESP"]
[SourceTitle "CBM 167 Extra"]
[Source "ChessBase"]
[SourceDate "2015.09.14"]
[SourceVersion "1"]
[SourceVersionDate "2015.09.14"]
[SourceQuality "1"]

1. Nf3 d6 2. d4 f5 3. c4 Nf6 4. g3 g6 5. Bg2 Bg7 6. O-O O-O 7. Nc3 c6 8. d5 Qe8
9. Nd4 cxd5 10. cxd5 Na6 11. Be3 Nc7 12. h3 Nh5 13. Qd2 Bd7 14. Rac1 Rc8 15.
Nf3 a6 16. Bh6 Qf7 17. Bxg7 Qxg7 18. Qd4 Qxd4 19. Nxd4 Nf6 20. e3 a5 21. Rfd1
Na6 22. Bf1 Rc7 23. Bb5 Rfc8 24. Bxd7 Nxd7 25. Nb3 b6 26. Nd4 Rc5 27. Nc6 Kf8
28. Na7 Ra8 29. Nab5 Nf6 30. a3 Ke8 31. Rd4 Nc7 32. Nxc7+ Rxc7 33. g4 fxg4 34.
hxg4 h5 35. gxh5 gxh5 36. Kf1 b5 37. Ke2 Rb8 38. Kd2 b4 39. Ne2 Rxc1 40. Kxc1
b3 41. Nc3 Ng4 42. Rf4 Ne5 43. Kd2 Rc8 44. Rf5 h4 45. Rh5 Kd7 46. Nd1 Rc2+ 47.
Ke1 Nd3+ 48. Kf1 Nxb2 0-1

[Event "Barbera del Valles op 38th"]
[Site "Barbera del Valles"]
[Date "2015.07.11"]
[Round "8"]
[White "Munoz Pantoja, Miguel Angel"]
[Black "Petrosyan, Tigran S"]
[Result "1/2-1/2"]
[WhiteElo "2430"]
[BlackElo "2441"]
[PlyCount "207"]
[EventDate "2015.07.04"]
[EventType "swiss"]
[EventRounds "9"]
[EventCountry "ESP"]
[SourceTitle "CBM 167 Extra"]
[Source "ChessBase"]
[SourceDate "2015.09.14"]
[SourceVersion "1"]
[SourceVersionDate "2015.09.14"]
[SourceQuality "1"]

1. e4 e5 2. Nf3 Nc6 3. Bb5 a6 4. Ba4 Nf6 5. Bxc6 dxc6 6. O-O Nxe4 7. Qe2 Nc5 8.
d4 Ne6 9. dxe5 Nd4 10. Nxd4 Qxd4 11. Rd1 Bg4 12. Rxd4 Bxe2 13. Be3 Bh5 14. Rd2
Rd8 15. c4 Rxd2 16. Nxd2 c5 17. Ne4 b6 18. Nc3 Be7 19. Nd5 Bd8 20. f3 Bg6 21.
g4 h5 22. h3 hxg4 23. hxg4 Bd3 24. b3 c6 25. Nf4 Bh7 26. Rd1 Bc7 27. e6 Bxf4
28. exf7+ Kxf7 29. Bxf4 Re8 30. Kf2 b5 31. Be3 Re5 32. f4 Re4 33. Kf3 bxc4 34.
Rh1 cxb3 35. axb3 Bg6 36. f5 Bxf5 37. gxf5 Rb4 38. Bxc5 Rb5 39. Bd4 Rxf5+ 40.
Ke4 Rb5 41. Rh3 a5 42. Rc3 Rb4 43. Rxc6 Rxb3 44. Rc7+ Ke6 45. Bxg7 Rb5 46. Bd4
Kd6 47. Rh7 Kc6 48. Rh6+ Kb7 49. Kd3 a4 50. Kc4 Rb1 51. Rh7+ Kc6 52. Ra7 Rc1+
53. Bc3 Kd6 54. Rxa4 Ke6 55. Ra5 Rd1 56. Bd4 Rc1+ 57. Kd3 Rd1+ 58. Ke4 Re1+ 59.
Be3 Rd1 60. Rb5 Re1 61. Rb6+ Kd7 62. Rh6 Rd1 63. Bd4 Re1+ 64. Kd5 Rd1 65. Rh7+
Kd8 66. Kc5 Ke8 67. Ra7 Rd2 68. Kd5 Kd8 69. Rh7 Rd1 70. Ke5 Kc8 71. Bc5 Rd7 72.
Rh6 Rd1 73. Bd6 Kd7 74. Rh7+ Kc6 75. Rc7+ Kb5 76. Rc5+ Kb6 77. Rc4 Kb5 78. Rc5+
Kb6 79. Ke6 Rh1 80. Rc4 Rh6+ 81. Kd5 Rh5+ 82. Be5 Kb5 83. Rc5+ Kb4 84. Rc7 Kb5
85. Rb7+ Ka5 86. Rb8 Rg5 87. Ke4 Ka6 88. Kd4 Rh5 89. Kd5 Ka5 90. Rb1 Rg5 91.
Kd4 Ka6 92. Bd6 Rb5 93. Bb4 Kb7 94. Kc4 Kc6 95. Rg1 Rh5 96. Rg6+ Kd7 97. Rd6+
Kc7 98. Bc5 Rh1 99. Re6 Rc1+ 100. Kd5 Rd1+ 101. Bd4 Kd7 102. Re4 Rd2 103. Rh4
Rd1 104. Rh7+ 1/2-1/2

[Event "Barbera del Valles op 38th"]
[Site "Barbera del Valles"]
[Date "2015.07.12"]
[Round "9"]
[White "Petrosyan, Tigran S"]
[Black "Gurevich, Daniel"]
[Result "1/2-1/2"]
[WhiteElo "2441"]
[BlackElo "2368"]
[PlyCount "61"]
[EventDate "2015.07.04"]
[EventType "swiss"]
[EventRounds "9"]
[EventCountry "ESP"]
[SourceTitle "CBM 167 Extra"]
[Source "ChessBase"]
[SourceDate "2015.09.14"]
[SourceVersion "1"]
[SourceVersionDate "2015.09.14"]
[SourceQuality "1"]

1. e4 c6 2. Nc3 d5 3. d4 dxe4 4. Nxe4 Bf5 5. Ng3 Bg6 6. Nf3 Nd7 7. h4 h6 8. h5
Bh7 9. Bd3 Bxd3 10. Qxd3 e6 11. Bf4 Qa5+ 12. Bd2 Bb4 13. c3 Be7 14. c4 Qc7 15.
O-O-O Ngf6 16. Kb1 O-O 17. Rhe1 b5 18. c5 Rfe8 19. Qc2 Ng4 20. Bc1 Rad8 21. Re4
Ndf6 22. Bf4 Qc8 23. Ree1 Rd5 24. Qe2 Red8 25. Be5 Nd7 26. Bf4 Ndf6 27. Be5 Nd7
28. Bf4 Ndf6 29. Be5 Nd7 30. Bf4 Ndf6 31. Be5 1/2-1/2

[Event "Sitges op 41st"]
[Site "Sitges"]
[Date "2015.07.24"]
[Round "3"]
[White "Petrosyan, Tigran S"]
[Black "Youssoupov, Moisse"]
[Result "1-0"]
[WhiteElo "2441"]
[BlackElo "2251"]
[PlyCount "68"]
[EventDate "2015.07.22"]
[EventType "swiss"]
[EventRounds "9"]
[EventCountry "ESP"]
[SourceTitle "EXT 2016"]
[Source "ChessBase"]
[SourceDate "2015.10.08"]
[SourceVersion "1"]
[SourceVersionDate "2015.10.08"]
[SourceQuality "1"]

1. Nf3 g6 2. d4 Bg7 3. c4 c5 4. e4 Qa5+ 5. Bd2 Qb6 6. Bc3 cxd4 7. Bxd4 Bxd4 8.
Qxd4 Qxd4 9. Nxd4 Nf6 10. Nc3 Nc6 11. Ndb5 O-O 12. O-O-O d6 13. Nc7 Rb8 14. Be2
Bd7 15. N7d5 Nxd5 16. exd5 Ne5 17. f4 Ng4 18. Bxg4 Bxg4 19. Rd2 Bd7 20. Re1
Rfe8 21. a4 Kf8 22. b3 b6 23. Kb2 Rb7 24. Na2 a6 25. Ra1 Ra8 26. Nb4 Rba7 27.
Nd3 Bf5 28. Ne1 Bd7 29. Nc2 b5 30. axb5 axb5 31. Rxa7 Rxa7 32. cxb5 Bxb5 33.
Na3 Bf1 34. g3 Ke8 1-0

[Event "Sitges op 41st"]
[Site "Sitges"]
[Date "2015.07.25"]
[Round "4"]
[White "Cori, Jorge Moise"]
[Black "Petrosyan, Tigran S"]
[Result "1/2-1/2"]
[WhiteElo "2549"]
[BlackElo "2441"]
[PlyCount "78"]
[EventDate "2015.07.22"]
[EventType "swiss"]
[EventRounds "9"]
[EventCountry "ESP"]
[SourceTitle "EXT 2016"]
[Source "ChessBase"]
[SourceDate "2015.10.08"]
[SourceVersion "1"]
[SourceVersionDate "2015.10.08"]
[SourceQuality "1"]

1. d4 d5 2. c4 c6 3. Nc3 Nf6 4. e3 e6 5. Nf3 Nbd7 6. Qc2 Bd6 7. Bd3 O-O 8. O-O
dxc4 9. Bxc4 b5 10. Be2 a6 11. e4 e5 12. Rd1 Qc7 13. g3 exd4 14. Nxd4 Be5 15.
Bg5 c5 16. Nf5 Nb6 17. Bxf6 Bxf6 18. Ne3 Bb7 19. Bf3 Rad8 20. Rac1 Rxd1+ 21.
Rxd1 g6 22. b3 Rd8 23. Ncd5 Nxd5 24. Nxd5 Bxd5 25. exd5 Qb6 26. Kg2 Kg7 27. Qe4
Qd6 28. Be2 Qe5 29. Qf3 Re8 30. Bf1 Qd6 31. Bd3 Rc8 32. Qe4 Qe5 33. Qxe5 Bxe5
34. Be2 Bb2 35. d6 Rd8 36. d7 Bd4 37. b4 Rxd7 38. bxc5 Re7 39. Bxb5 Bxc5
1/2-1/2

[Event "Sitges op 41st"]
[Site "Sitges"]
[Date "2015.07.26"]
[Round "5"]
[White "Petrosyan, Tigran S"]
[Black "Johannessen, Leif Erlend"]
[Result "1/2-1/2"]
[WhiteElo "2441"]
[BlackElo "2517"]
[PlyCount "127"]
[EventDate "2015.07.22"]
[EventType "swiss"]
[EventRounds "9"]
[EventCountry "ESP"]
[SourceTitle "EXT 2016"]
[Source "ChessBase"]
[SourceDate "2015.10.08"]
[SourceVersion "1"]
[SourceVersionDate "2015.10.08"]
[SourceQuality "1"]

1. Nf3 Nf6 2. c4 e6 3. Nc3 d5 4. d4 Be7 5. Bf4 O-O 6. e3 Nbd7 7. c5 Ne4 8. Rc1
Nxc3 9. Rxc3 b6 10. c6 Nf6 11. a3 Ne4 12. Rc2 Bd6 13. Bd3 f6 14. O-O a5 15. Qe2
Qe7 16. Bxd6 Nxd6 17. e4 dxe4 18. Bxe4 Nxe4 19. Qxe4 Rd8 20. Re1 Qf7 21. b4
axb4 22. axb4 Ra4 23. Rb2 Rd5 24. Qc2 Ra3 25. Ra2 Rxa2 26. Qxa2 Rd6 27. Qa8 Qe8
28. b5 Rd5 29. Qa4 Qd8 30. h3 h6 31. Qc4 Qf8 32. Ra1 Rd8 33. Qa4 Kf7 34. Qb3
Qd6 35. Ra7 Kf8 36. Qb1 Re8 37. Qg6 Qf4 38. Qg3 Qxg3 39. fxg3 Re7 40. g4 Ke8
41. Nd2 Kd8 42. Ra8 Re8 43. Nc4 Rh8 44. h4 Re8 45. Kf2 Re7 46. Kf3 Re8 47. Nd2
Re7 48. Nf1 Re8 49. Ng3 Ke7 50. Ra7 Kd8 51. Nh5 Re7 52. Ra8 Rf7 53. Ke3 g5 54.
g3 f5 55. hxg5 hxg5 56. gxf5 exf5 57. d5 Rf8 58. Ra7 Ke7 59. Rxc7+ Kd6 60. Rg7
Kxd5 61. Rxg5 Kc5 62. Kf4 Kxb5 63. c7 Rf7 64. g4 1/2-1/2

[Event "Sitges op 41st"]
[Site "Sitges"]
[Date "2015.07.27"]
[Round "6"]
[White "Pardo Simon, David"]
[Black "Petrosyan, Tigran S"]
[Result "1-0"]
[WhiteElo "2468"]
[BlackElo "2441"]
[PlyCount "150"]
[EventDate "2015.07.22"]
[EventType "swiss"]
[EventRounds "9"]
[EventCountry "ESP"]
[SourceTitle "EXT 2016"]
[Source "ChessBase"]
[SourceDate "2015.10.08"]
[SourceVersion "1"]
[SourceVersionDate "2015.10.08"]
[SourceQuality "1"]

1. e4 e5 2. Nf3 Nc6 3. Bb5 a6 4. Ba4 Nf6 5. O-O Be7 6. d3 b5 7. Bb3 d6 8. c3
O-O 9. Re1 Na5 10. Bc2 c5 11. Nbd2 Nc6 12. Nf1 h6 13. Ne3 Re8 14. d4 cxd4 15.
cxd4 Nxd4 16. Nxd4 exd4 17. Qxd4 Bf8 18. Bd2 Be6 19. Bc3 Rc8 20. Rad1 Bxa2 21.
b3 Nxe4 22. Bxe4 Rxe4 23. Qxe4 Rxc3 24. Qb4 Qc8 25. Nd5 Rc2 26. Re3 Rb2 27. Qe1
Bxb3 28. Rc1 Qf5 29. Nc7 Ra2 30. Rxb3 d5 31. Rf3 Qd7 32. Rd3 d4 33. Qe4 Qxc7
34. Re1 Qc2 35. Rf1 Ra3 36. Rxd4 Qxe4 37. Rxe4 b4 38. Re8 g6 39. g4 a5 40. Rd1
Kg7 41. Kg2 b3 42. Rb8 Bb4 43. Rd4 Bc3 44. Rd7 b2 45. Rbb7 Kf6 46. Rxf7+ Ke6
47. Rfe7+ Kd5 48. Re2 a4 49. Rexb2 Bxb2 50. Rxb2 Rb3 51. Rd2+ Kc5 52. Rd8 Rb5
53. f4 a3 54. f5 Ra5 55. f6 Ra7 56. Re8 Rf7 57. Ra8 Kb4 58. Ra6 Rb7 59. Kf3 Kb3
60. Ke4 a2 61. Ke5 Kb2 62. Ke6 Rb4 63. f7 Rf4 64. Ke7 Re4+ 65. Kf8 Rxg4 66. Kg7
Rf4 67. f8=Q Rxf8 68. Kxf8 h5 69. Kg7 h4 70. Kxg6 h3 71. Kg5 a1=Q 72. Rxa1 Kxa1
73. Kg4 Kb2 74. Kxh3 Kc3 75. Kg4 Kd4 1-0

[Event "ARM-ch 1st League 76th+"]
[Site "Yerevan"]
[Date "2015.08.21"]
[Round "1"]
[White "Petrosyan, Tigran S"]
[Black "Yegiazarian, Arsen"]
[Result "1/2-1/2"]
[WhiteElo "2441"]
[BlackElo "2426"]
[PlyCount "109"]
[EventDate "2015.08.21"]
[EventType "tourn"]
[EventRounds "13"]
[EventCountry "ARM"]
[EventCategory "6"]
[SourceTitle "EXT 2016"]
[Source "ChessBase"]
[SourceDate "2015.10.08"]
[SourceVersion "1"]
[SourceVersionDate "2015.10.08"]
[SourceQuality "1"]

1. Nf3 Nf6 2. c4 c5 3. Nc3 Nc6 4. d4 cxd4 5. Nxd4 e6 6. a3 Be7 7. e4 O-O 8. Be2
d5 9. exd5 exd5 10. cxd5 Nxd5 11. Nxc6 bxc6 12. Nxd5 cxd5 13. O-O Bf6 14. Bf3
Be6 15. Ra2 Qb6 16. b4 Rac8 17. Rc2 Rxc2 18. Qxc2 Rc8 19. Qd3 Rc3 20. Qd1 Qc6
21. Be2 Rc2 22. Bd3 Ra2 23. Qb3 d4 24. Qb1 Qc3 25. Bxh7+ Kh8 26. Bf4 Qxa3 27.
Bf5 Qb3 28. Bxe6 Qxb1 29. Rxb1 fxe6 30. Bd6 Kg8 31. Rd1 e5 32. g3 Kf7 33. Re1
d3 34. Rd1 e4 35. Bc5 Ke6 36. h4 Kd5 37. h5 a5 38. f3 a4 39. fxe4+ Kxe4 40. b5
d2 41. Kf2 Kd3 42. b6 Rb2 43. Be3 Bc3 44. Kf3 a3 45. Bxd2 Rxd2 46. b7 Rxd1 47.
b8=Q Kc2 48. Qb5 Rd3+ 49. Ke2 Rd4 50. Qa6 Kb2 51. Qb6+ Rb4 52. Qf2 a2 53. Kd3+
Ka3 54. Qa7+ Kb2 55. Qf2+ 1/2-1/2

[Event "ARM-ch 1st League 76th+"]
[Site "Yerevan"]
[Date "2015.08.22"]
[Round "2"]
[White "Chibukhchian, Artur"]
[Black "Petrosyan, Tigran S"]
[Result "1/2-1/2"]
[WhiteElo "2410"]
[BlackElo "2441"]
[PlyCount "83"]
[EventDate "2015.08.21"]
[EventType "tourn"]
[EventRounds "13"]
[EventCountry "ARM"]
[EventCategory "6"]
[SourceTitle "EXT 2016"]
[Source "ChessBase"]
[SourceDate "2015.10.08"]
[SourceVersion "1"]
[SourceVersionDate "2015.10.08"]
[SourceQuality "1"]

1. c4 e5 2. Nc3 Nf6 3. e3 Bb4 4. Nge2 O-O 5. a3 Bxc3 6. Nxc3 d5 7. cxd5 Nxd5 8.
Qc2 Nc6 9. Be2 Re8 10. O-O Nf6 11. b4 a6 12. Bf3 Qd6 13. Bb2 Be6 14. Ne4 Nxe4
15. Bxe4 Rad8 16. Bxh7+ Kh8 17. Be4 Bd5 18. Bc3 Bxe4 19. Qxe4 Qd3 20. f3 Qxe4
21. fxe4 f6 22. Kf2 Rd7 23. Ke2 Nd8 24. d3 Ne6 25. Rac1 Red8 26. Rfd1 c6 27.
Be1 Kg8 28. h4 Kf7 29. g4 Ke7 30. Rc4 Ra8 31. a4 Rad8 32. Bf2 Ra8 33. Rb1 Rad8
34. Rb3 Rd6 35. Rcc3 R6d7 36. Bg3 Ra8 37. Rc1 Rh8 38. Rb2 Rhd8 39. Rc3 Rh8 40.
Rc1 Rhd8 41. Rd2 Ra8 42. Rb2 1/2-1/2

[Event "ARM-ch 1st League 76th+"]
[Site "Yerevan"]
[Date "2015.08.23"]
[Round "3"]
[White "Petrosyan, Tigran S"]
[Black "Kocharyan, Hovik"]
[Result "1-0"]
[WhiteElo "2441"]
[BlackElo "2117"]
[PlyCount "61"]
[EventDate "2015.08.21"]
[EventType "tourn"]
[EventRounds "13"]
[EventCountry "ARM"]
[EventCategory "6"]
[SourceTitle "EXT 2016"]
[Source "ChessBase"]
[SourceDate "2015.10.08"]
[SourceVersion "1"]
[SourceVersionDate "2015.10.08"]
[SourceQuality "1"]

1. Nf3 d5 2. d4 Nf6 3. c4 e6 4. Nc3 Be7 5. Bf4 O-O 6. e3 c5 7. dxc5 Bxc5 8. a3
Nc6 9. cxd5 exd5 10. Bg5 Be7 11. Be2 Be6 12. O-O h6 13. Bh4 Rc8 14. Nd4 Na5 15.
Bf3 Nc4 16. Qe2 Qd7 17. Bxf6 Bxf6 18. Rfd1 Rfd8 19. Rac1 Qd6 20. Nxe6 fxe6 21.
Nxd5 exd5 22. Bxd5+ Kh8 23. Rxc4 Rxc4 24. Qxc4 Bxb2 25. a4 Be5 26. g3 Qa3 27.
Kg2 Qb2 28. Be4 Rf8 29. Qf7 Rb8 30. Qg6 Kg8 31. Rd7 1-0

[Event "ARM-ch 1st League 76th+"]
[Site "Yerevan"]
[Date "2015.08.24"]
[Round "4"]
[White "Dilanyan, Grigor"]
[Black "Petrosyan, Tigran S"]
[Result "0-1"]
[WhiteElo "2292"]
[BlackElo "2441"]
[PlyCount "124"]
[EventDate "2015.08.21"]
[EventType "tourn"]
[EventRounds "13"]
[EventCountry "ARM"]
[EventCategory "6"]
[SourceTitle "EXT 2016"]
[Source "ChessBase"]
[SourceDate "2015.10.08"]
[SourceVersion "1"]
[SourceVersionDate "2015.10.08"]
[SourceQuality "1"]

1. d4 d5 2. c4 c6 3. Nf3 Nf6 4. Nbd2 Bf5 5. Nh4 Be4 6. f3 Bg6 7. Qb3 Qc7 8.
cxd5 cxd5 9. e4 e6 10. Bb5+ Nc6 11. exd5 Nxd5 12. Nc4 Bb4+ 13. Bd2 Bxd2+ 14.
Nxd2 O-O 15. Bxc6 Qxc6 16. Nxg6 hxg6 17. O-O Rac8 18. Ne4 Rfd8 19. Rfd1 b6 20.
Rd2 Qc7 21. g3 Rd7 22. Kf2 Rcd8 23. h4 Ne7 24. Rad1 Rd5 25. Qc3 Qd7 26. g4 Nc6
27. Qe3 f6 28. g5 fxg5 29. Nc3 Rf5 30. d5 Rdf8 31. dxc6 Qxc6 32. Qe4 Rxf3+ 33.
Kg2 Rxc3 34. Qxc6 Rxc6 35. hxg5 Rc5 36. Rd7 Rxg5+ 37. Kh3 Rf3+ 38. Kh4 Ra5 39.
Kg4 Rf7 40. Rd8+ Rf8 41. R8d7 Rf7 42. Rd8+ Kh7 43. Re8 Ra4+ 44. Kg3 Rf5 45. a3
Re4 46. b4 Kh6 47. Rd7 a5 48. Rd6 axb4 49. axb4 Rxb4 50. Rexe6 Rf6 51. Rxf6
gxf6 52. Rxf6 b5 53. Rc6 Rc4 54. Rb6 b4 55. Rb5 g5 56. Rb8 Kg6 57. Kf3 g4+ 58.
Ke3 Kg5 59. Kd3 Rf4 60. Ke3 Rf3+ 61. Ke4 b3 62. Rh8 Rf4+ 0-1

[Event "ARM-ch 1st League 76th+"]
[Site "Yerevan"]
[Date "2015.08.25"]
[Round "5"]
[White "Petrosyan, Tigran S"]
[Black "Harutyunian, Tigran K"]
[Result "0-1"]
[WhiteElo "2441"]
[BlackElo "2472"]
[PlyCount "44"]
[EventDate "2015.08.21"]
[EventType "tourn"]
[EventRounds "13"]
[EventCountry "ARM"]
[EventCategory "6"]
[SourceTitle "EXT 2016"]
[Source "ChessBase"]
[SourceDate "2015.10.08"]
[SourceVersion "1"]
[SourceVersionDate "2015.10.08"]
[SourceQuality "1"]

1. Nf3 d5 2. d4 Bf5 3. c4 e6 4. Nc3 Nf6 5. Qb3 Nc6 6. c5 Rb8 7. Bf4 Be7 8. e3
Nh5 9. Bb5 O-O 10. Qa4 Nxf4 11. exf4 Bf6 12. O-O Ne7 13. Ne5 c6 14. Be2 Ng6 15.
Nxg6 Bxg6 16. Rfd1 Qc7 17. Qxa7 Qxf4 18. Qa4 b6 19. g3 Qc7 20. b4 bxc5 21. bxc5
Ra8 22. Ba6 Qa7 0-1

[Event "ARM-ch 1st League 76th+"]
[Site "Yerevan"]
[Date "2015.08.26"]
[Round "6"]
[White "Hayrapetyan, Hovik"]
[Black "Petrosyan, Tigran S"]
[Result "1-0"]
[WhiteElo "2467"]
[BlackElo "2441"]
[PlyCount "55"]
[EventDate "2015.08.21"]
[EventType "tourn"]
[EventRounds "13"]
[EventCountry "ARM"]
[EventCategory "6"]
[SourceTitle "EXT 2016"]
[Source "ChessBase"]
[SourceDate "2015.10.08"]
[SourceVersion "1"]
[SourceVersionDate "2015.10.08"]
[SourceQuality "1"]

1. c4 e5 2. Nc3 Nf6 3. e3 Bb4 4. Qc2 O-O 5. a3 Bxc3 6. Qxc3 Re8 7. b4 a5 8. b5
d5 9. cxd5 Nxd5 10. Qc2 c6 11. Bb2 cxb5 12. Bxb5 Nc6 13. Nf3 e4 14. Nd4 Nxd4
15. Bxd4 Bd7 16. Bxd7 Qxd7 17. Qb2 Ra6 18. O-O Rg6 19. f4 Ne7 20. Bc3 b6 21.
Rab1 Qh3 22. Rf2 Nf5 23. Qb5 Ree6 24. Qd5 h5 25. Rb5 Nd6 26. f5 Nxb5 27. fxg6
Rxg6 28. Qxf7+ 1-0

[Event "Panevezys Gigant"]
[Site "Panevezys"]
[Date "2015.12.05"]
[Round "1"]
[White "Petrosyan, Tigran S"]
[Black "Zaksaite, Salomeja"]
[Result "1/2-1/2"]
[WhiteElo "2469"]
[BlackElo "2215"]
[PlyCount "53"]
[EventDate "2015.12.05"]
[EventType "tourn"]
[EventRounds "9"]
[EventCountry "LTU"]
[EventCategory "7"]
[SourceTitle "EXT 2017"]
[Source "ChessBase"]
[SourceDate "2016.10.25"]
[SourceVersion "1"]
[SourceVersionDate "2016.10.25"]
[SourceQuality "1"]

1. Nf3 Nf6 2. c4 g6 3. Nc3 d5 4. cxd5 Nxd5 5. Qb3 Nb6 6. d4 Bg7 7. Bf4 O-O 8.
e3 Be6 9. Qa3 N8d7 10. Be2 Nc4 11. Qb4 c5 12. Qxb7 Ndb6 13. O-O cxd4 14. Nxd4
Nxb2 15. Nxe6 fxe6 16. Nb5 Nd5 17. Bg3 Qb6 18. Qxb6 axb6 19. Bg4 Kf7 20. e4 Ra4
21. Bxe6+ Kxe6 22. exd5+ Kd7 23. Rac1 Nc4 24. Rfe1 Rc8 25. Bh4 Bf8 26. Rc2 Nd6
27. Rxc8 1/2-1/2

[Event "Panevezys Gigant"]
[Site "Panevezys"]
[Date "2015.12.06"]
[Round "2"]
[White "Starostits, Ilmars"]
[Black "Petrosyan, Tigran S"]
[Result "1-0"]
[WhiteElo "2409"]
[BlackElo "2469"]
[PlyCount "113"]
[EventDate "2015.12.05"]
[EventType "tourn"]
[EventRounds "9"]
[EventCountry "LTU"]
[EventCategory "7"]
[SourceTitle "EXT 2017"]
[Source "ChessBase"]
[SourceDate "2016.10.25"]
[SourceVersion "1"]
[SourceVersionDate "2016.10.25"]
[SourceQuality "1"]

1. d4 Nf6 2. Bg5 Ne4 3. Bf4 d5 4. Nd2 Nxd2 5. Qxd2 Bf5 6. e3 e6 7. Bd3 Be7 8.
Bxf5 exf5 9. Qd3 Qd7 10. Nf3 O-O 11. h3 Na6 12. c3 Qe6 13. O-O-O Rfd8 14. g4
Qe4 15. Qe2 c5 16. Ne5 cxd4 17. f3 d3 18. Rxd3 Qa4 19. Kb1 f6 20. Rd4 Qe8 21.
Nd3 fxg4 22. hxg4 Nc5 23. e4 Nxd3 24. Qxd3 dxe4 25. Qxe4 Qg6 26. Qxg6 hxg6 27.
Rhd1 Kf7 28. Kc2 Rxd4 29. Rxd4 Ke6 30. Re4+ Kd7 31. Rd4+ Ke6 32. Re4+ Kd7 33.
Rc4 Rc8 34. Rxc8 Kxc8 35. b4 Kd7 36. Kb3 a6 37. c4 Ke6 38. b5 axb5 39. cxb5 Kd5
40. a4 Bd8 41. Bd2 b6 42. a5 bxa5 43. Ka4 Bb6 44. Bxa5 Be3 45. Bb4 Ke5 46. Kb3
Kf4 47. Kc4 Bb6 48. Kd5 Kxf3 49. Kc6 Bd8 50. Bd6 f5 51. gxf5 g5 52. Bf8 Ke4 53.
Kd7 Bb6 54. Ke6 g4 55. Bxg7 Bc7 56. Bf8 Kd4 57. f6 1-0

[Event "Panevezys Gigant"]
[Site "Panevezys"]
[Date "2015.12.07"]
[Round "3"]
[White "Petrosyan, Tigran S"]
[Black "Stupak, Kirill"]
[Result "1/2-1/2"]
[WhiteElo "2469"]
[BlackElo "2542"]
[PlyCount "87"]
[EventDate "2015.12.05"]
[EventType "tourn"]
[EventRounds "9"]
[EventCountry "LTU"]
[EventCategory "7"]
[SourceTitle "EXT 2017"]
[Source "ChessBase"]
[SourceDate "2016.10.25"]
[SourceVersion "1"]
[SourceVersionDate "2016.10.25"]
[SourceQuality "1"]

1. Nf3 g6 2. c4 Bg7 3. d4 d6 4. Nc3 e5 5. g3 exd4 6. Nxd4 Ne7 7. Bg2 Nd7 8. O-O
O-O 9. e4 Nc6 10. Nde2 Re8 11. h3 a5 12. Be3 Nde5 13. b3 f5 14. Rc1 Bd7 15. Kh2
Qc8 16. f4 Nf7 17. Bf2 Qd8 18. exf5 gxf5 19. Nd4 Nxd4 20. Bxd4 c6 21. Qd2 Re6
22. Rfe1 Bxd4 23. Qxd4 Qf6 24. Qxf6 Rxf6 25. Re7 Rd8 26. Rce1 Nh8 27. h4 Ng6
28. R7e3 Kf8 29. Na4 Re8 30. Nb6 Rxe3 31. Nxd7+ Ke7 32. Rxe3+ Kxd7 33. Bf3 Re6
34. Rxe6 Kxe6 35. Kg2 Ne7 36. Kf2 d5 37. Ke3 dxc4 38. bxc4 Kd6 39. Kd4 b6 40.
Be2 h6 41. Bf3 Ng6 42. h5 Nf8 43. Be2 Ne6+ 44. Kc3 1/2-1/2

[Event "Panevezys Gigant"]
[Site "Panevezys"]
[Date "2015.12.08"]
[Round "4"]
[White "Petrosyan, Tigran S"]
[Black "Brazdzionis, Andrius"]
[Result "1-0"]
[WhiteElo "2469"]
[BlackElo "2243"]
[PlyCount "83"]
[EventDate "2015.12.05"]
[EventType "tourn"]
[EventRounds "9"]
[EventCountry "LTU"]
[EventCategory "7"]
[SourceTitle "EXT 2017"]
[Source "ChessBase"]
[SourceDate "2016.10.25"]
[SourceVersion "1"]
[SourceVersionDate "2016.10.25"]
[SourceQuality "1"]

1. Nf3 Nf6 2. c4 c5 3. Nc3 d5 4. cxd5 Nxd5 5. d4 Nxc3 6. bxc3 g6 7. Bf4 Qa5 8.
Qd2 Bg7 9. e3 O-O 10. Be5 cxd4 11. cxd4 Qxd2+ 12. Kxd2 Nc6 13. Bxg7 Kxg7 14.
Bb5 Bd7 15. d5 Ne5 16. Bxd7 Nxd7 17. e4 Nc5 18. Ke3 f5 19. e5 Rad8 20. Rhd1 f4+
21. Ke2 Rf5 22. Rac1 b6 23. Kf1 Rd7 24. h4 h6 25. Rd4 g5 26. hxg5 hxg5 27. Re1
Kg6 28. d6 Rf8 29. Rd5 Ne6 30. Nd4 Nxd4 31. Rxd4 Re8 32. Rd5 e6 33. Rb5 Rc8 34.
a4 Kf5 35. f3 Rc4 36. a5 Rc5 37. Rxc5 bxc5 38. Re2 Rb7 39. Ke1 Kg6 40. Rc2 c4
41. Rxc4 Rb5 42. Rd4 1-0

[Event "Panevezys Gigant"]
[Site "Panevezys"]
[Date "2015.12.09"]
[Round "6"]
[White "Petrosyan, Tigran S"]
[Black "Stremavicius, Titas"]
[Result "1/2-1/2"]
[WhiteElo "2469"]
[BlackElo "2460"]
[PlyCount "108"]
[EventDate "2015.12.05"]
[EventType "tourn"]
[EventRounds "9"]
[EventCountry "LTU"]
[EventCategory "7"]
[SourceTitle "EXT 2017"]
[Source "ChessBase"]
[SourceDate "2016.10.25"]
[SourceVersion "1"]
[SourceVersionDate "2016.10.25"]
[SourceQuality "1"]

1. e4 c5 2. c3 d5 3. exd5 Qxd5 4. d4 Nc6 5. Nf3 e5 6. dxe5 Qxd1+ 7. Kxd1 Bg4 8.
h3 O-O-O+ 9. Nbd2 Bxf3+ 10. gxf3 Nxe5 11. Kc2 f6 12. f4 Ng6 13. Ne4 Nh6 14. Bd3
Re8 15. Ng3 Nh4 16. f5 c4 17. Bxc4 N6xf5 18. Nxf5 Nxf5 19. Bd3 Nh4 20. Be3 Kb8
21. Bf4+ Ka8 22. Bb5 Re4 23. Rhe1 Rxe1 24. Rxe1 Bc5 25. Re2 g5 26. Bg3 Nf5 27.
Re6 Nxg3 28. fxg3 Rf8 29. g4 Kb8 30. b4 Bb6 31. Bd3 Bd8 32. Bf5 Rh8 33. Rd6 a6
34. Rd7 Re8 35. Kd3 Bb6 36. Rxh7 Re1 37. a3 Ra1 38. Be4 Bc7 39. Rh8+ Ka7 40.
Rh7 Kb8 41. Kc2 b5 42. Rh8+ Ka7 43. Rh7 Kb8 44. Rd7 Be5 45. Kb3 Re1 46. Bf5 Re3
47. Rd3 Rxd3 48. Bxd3 Kb7 49. c4 bxc4+ 50. Kxc4 Kb6 51. a4 a5 52. b5 Bb2 53.
Kd5 Ba1 54. Bf5 Bb2 1/2-1/2